000 01460nam a2200313 a 4500
001 44509
003 BD-RjUL
005 20211209053854.0
008 160718s1973 bg ||||| |||| 00| 0 ben d
020 _c: Tk.10.00
035 _a(BD-RjUL)44627
040 _aBD-RjUL
_bben
_cBD-RjUL
_dBD-RjUL
041 _aben
082 _223
_a954.9205
_bMAB 1973
100 1 _aম্যাসকারেন্‌হাস, অ্যান্থনী
_9136600
245 1 0 _aবাংলাদেশ লাঞ্ছিতা /
_cঅ্যান্থনী ম্যাসকারেন্‌হাস ; মযহারুল ইসলাম অনূদিত
260 _aঢাকা :
_bবাংলা একাডেমী,
_c১৯৭৩
300 _a[১০], ২০৮ পৃ. :
_bচিত্র ;
_c২৩ সেমি.
490 _aবা. এ. ;
_v৪৩১
500 _a"প্রথম ইংরেজী সংস্করণ ১৯৭১"
500 _aনির্ঘন্ট সংযুক্ত
650 _aগণহত্যা
_zবাংলাদেশ
_y১৯৭১
_9244985
650 _aGenocide
_zBangladesh
_y1971
_9247284
651 _aবাংলাদেশ
_vরাজনীতি ও সরকার
_9136601
651 _aBangladesh
_vPolitics and government.
_9136602
700 _aইসলাম, মযহারুল, অনুবাদক
_9247285
830 _aবা. এ. ;
_v৪৩১
_9247286
942 _2ddc
_cBK
999 _c44509
_d44509